00840nam a22002055i 4500001000700000003000900007005001700016008004100033040002000074100002400094245013400118250001400252260009600266300002600362650003800388752002700426852003600453999001900489952012600508162492ES-MaACL20250801094346.0041117s1873 be |||| | fre d aCAM bspa cCAM1 aPotvin, Ch.913131110aDe la corruption littéraire en France b: étude de littérature comparée sur les lois morales de l'art / cpar Ch. Potvin. a2e. éd. aBruxelles ; aLeipzig : bC. Muquardt : bHenry Merzbach, c1873 (fImprimerie de Bouillon) aIX, 478 p. ; c22 cm. 7aLiteratura francesa2embne914582 aBélgica - dBruselas aES-MaACLjF-6561 z-- Enc. hol. c162492d162492 001040708LIBXIXaATENEOMbATENEOMcDEPO2d2008-01-17eSSCl0oF-6561p1170230r2023-02-23 00:00:00w2023-02-23yMONANT